[Event "LSS No Engine Cup 08 Preliminary 3"]
[Site "LSS email"]
[Date "2009.10.11"]
[Round "?"]
[White "Van Rooijen, Peter"]
[Black "Newman, Nelson"]
[Result "1/2-1/2"]
[WhiteElo "1600"]
[BlackElo "1600"]
[PlyCount "45"]
[EventDate "2009.10.12"]
[EventType "tourn (corr)"]
[EventRounds "6"]
[EventCountry "GER"]
[SourceTitle "Corr 2022"]
[Source "ChessBase"]
[SourceDate "2021.10.24"]
[SourceVersion "1"]
[SourceVersionDate "2021.10.24"]
[SourceQuality "1"]

1. b4 d5 2. Bb2 Nf6 3. Nf3 e6 4. b5 c5 5. e3 Nbd7 6. c4 Bd6 7. Be2 0-0 8. 0-0 e5 9. d3 d4 10. Nbd2 dxe3 11. fxe3 Qc7 12. h3 h6 13. Nh4 e4 14. Nxe4 Nxe4 15. dxe4 Be5 16. Bxe5 Nxe5 17. Qc2 Be6 18. Rfd1 Rad8 19. Qc3 f6 20. Rxd8 Rxd8 21. Nf3 Nxf3+ 22. Bxf3 Qe5 23. Rc1 1/2-1/2

[Event "CFriend SI-2003-0-00001 email"]
[Site "Chessfriend.com"]
[Date "2003.01.14"]
[Round "?"]
[White "Alonso, Rodolfo"]
[Black "Newman, Nelson"]
[Result "1/2-1/2"]
[WhiteElo "1969"]
[BlackElo "1986"]
[PlyCount "57"]
[EventDate "2003.??.??"]
[EventType "tourn (corr)"]
[EventRounds "8"]
[SourceTitle "Corr 2008"]
[Source "ChessBase"]
[SourceDate "2008.06.24"]
[SourceVersion "1"]
[SourceVersionDate "2008.06.24"]
[SourceQuality "1"]

1. d4 Nf6 2. c4 e6 3. Nc3 c5 4. d5 exd5 5. cxd5 d6 6. e4 g6 7. h3 Bg7 8. Nf3 0-0 9. Bd3 b5 10. Bxb5 Nxe4 11. Nxe4 Qa5+ 12. Nfd2 Qxb5 13. Nxd6 Qa6 14. N2c4 Nd7 15. 0-0 Nb6 16. Nxb6 Qxb6 17. Nxc8 Raxc8 18. Rb1 Rfd8 19. Bg5 Rd7 20. Qg4 Qb7 21. Rfd1 h5 22. Qc4 Bd4 23. Be3 Qxd5 24. Rxd4 cxd4 25. Qxc8+ Rd8 26. Qc7 dxe3 27. fxe3 Rd7 28. Qc8+ Rd8 29. Qc7 1/2-1/2

[Event "CFriend SI-2003-0-00001 email"]
[Site "Chessfriend.com"]
[Date "2003.01.14"]
[Round "?"]
[White "Merrifield, David"]
[Black "Newman, Nelson"]
[Result "1-0"]
[WhiteElo "1900"]
[BlackElo "1986"]
[PlyCount "113"]
[EventDate "2003.??.??"]
[EventType "tourn (corr)"]
[EventRounds "8"]
[SourceTitle "Corr 2008"]
[Source "ChessBase"]
[SourceDate "2008.06.24"]
[SourceVersion "1"]
[SourceVersionDate "2008.06.24"]
[SourceQuality "1"]

1. d4 Nf6 2. c4 e6 3. Nf3 c5 4. d5 exd5 5. cxd5 d6 6. Nc3 g6 7. e4 Bg7 8. Be2 0-0 9. 0-0 Re8 10. Nd2 Na6 11. Re1 Nc7 12. a4 b6 13. h3 Rb8 14. Bb5 Re7 15. Nf3 Nxb5 16. axb5 Ra8 17. Bg5 h6 18. Bf4 a6 19. e5 dxe5 20. d6 Re6 21. Nxe5 Bb7 22. bxa6 Rxa6 23. Rxa6 Bxa6 24. Nc6 Rxe1+ 25. Qxe1 Qa8 26. Ne7+ Kh7 27. Qa1 Bb7 28. Qxa8 Bxa8 29. Na4 Nd7 30. Nc8 Bc6 31. Naxb6 g5 32. Bg3 Nxb6 33. Nxb6 Bf6 34. b3 Kg6 35. f4 Kf5 36. fxg5 Bxg5 37. Bf2 Ke6 38. Bxc5 Bf4 39. Kf2 Bxd6 40. Bxd6 Kxd6 41. Nc4+ Ke6 42. h4 h5 43. g3 f6 44. Ke3 Kf5 45. b4 Bd7 46. Kf2 Be6 47. Ne3+ Ke5 48. b5 Kd6 49. Kf3 Bd7 50. b6 Be6 51. g4 hxg4+ 52. Kf4 Kc6 53. h5 Bg8 54. Nxg4 Kxb6 55. Nxf6 Bf7 56. h6 Bg6 57. Kg5 1-0

[Event "CFriend SI-2003-0-00001 email"]
[Site "Chessfriend.com"]
[Date "2003.01.14"]
[Round "?"]
[White "Newman, Nelson"]
[Black "Farnik, Kym"]
[Result "1/2-1/2"]
[WhiteElo "1986"]
[BlackElo "1745"]
[PlyCount "48"]
[EventDate "2003.??.??"]
[EventType "tourn (corr)"]
[EventRounds "8"]
[SourceTitle "Corr 2008"]
[Source "ChessBase"]
[SourceDate "2008.06.24"]
[SourceVersion "1"]
[SourceVersionDate "2008.06.24"]
[SourceQuality "1"]

1. c4 Nf6 2. Nf3 b6 3. d4 e6 4. g3 Ba6 5. b3 d5 6. Bg2 dxc4 7. Ne5 Bb4+ 8. Kf1 Bd6 9. Nxf7 Kxf7 10. Bxa8 c6 11. bxc4 Bxc4 12. Qa4 Bd5 13. f3 b5 14. Qc2 Qc7 15. e4 Bc4+ 16. Kg2 Nbd7 17. Nd2 Rxa8 18. Nxc4 bxc4 19. e5 Nxe5 20. dxe5 Bxe5 21. Rb1 c3 22. Re1 Re8 23. Be3 c5 24. Bg5 h6 1/2-1/2

[Event "CFriend SI-2003-0-00001 email"]
[Site "Chessfriend.com"]
[Date "2003.01.14"]
[Round "1"]
[White "Newman, Nelson"]
[Black "Kurpnieks, Vairis"]
[Result "1-0"]
[WhiteElo "2079"]
[BlackElo "1845"]
[PlyCount "137"]
[EventDate "2003.??.??"]
[EventType "tourn (corr)"]
[EventRounds "8"]
[SourceTitle "Corr 2024"]
[Source "ChessBase"]
[SourceDate "2023.10.19"]
[SourceVersion "1"]
[SourceVersionDate "2023.10.19"]
[SourceQuality "1"]

1. d4 c5 2. d5 e5 3. e4 d6 4. Nc3 g6 5. Nf3 Bg7 6. Be2 Ne7 7. 0-0 0-0 8. a4 h6 9. Nd2 f5 10. Nc4 f4 11. Nb5 Rf6 12. Bd2 Na6 13. Bg4 Nc7 14. Nxc7 Qxc7 15. Bxc8 Rxc8 16. Qg4 h5 17. Qf3 Qd7 18. h3 Kh7 19. a5 Ng8 20. Rfb1 Rf7 21. Bc3 Qe7 22. Nd2 Nf6 23. Qe2 g5 24. Nc4 g4 25. Qd3 f3 26. gxf3 gxh3 27. Bd2 Qd7 28. Kh2 Rcf8 29. Rg1 Ng4+ 30. fxg4 Rxf2+ 31. Kh1 h2 32. Rg3 h4 33. Be3 hxg3 34. Bxf2 gxf2 35. Ne3 Rf4 36. Nf5 Qd8 37. Qh3+ Kg8 38. Rf1 Qxa5 39. g5 Qd8 40. Qh5 Qd7 41. Qg6 a5 42. Kxh2 b5 43. Kg3 a4 44. Rxf2 Rxf2 45. Kxf2 b4 46. Nxd6 a3 47. bxa3 bxa3 48. Nf5 Qf7 49. Qa6 Qh5 50. Qxa3 Qh2+ 51. Kf3 Qh1+ 52. Ke2 Qg2+ 53. Kd3 Qf1+ 54. Kc3 Qf3+ 55. Kb2 Qxe4 56. Nxg7 Kxg7 57. Qxc5 Kg6 58. d6 Kxg5 59. Ka3 Kf6 60. Qc7 Qe3+ 61. Ka4 Qe4+ 62. c4 Qc2+ 63. Kb5 Qb1+ 64. Ka6 Qa2+ 65. Kb7 Qg2+ 66. Qc6 e4 67. d7+ Ke7 68. Qc7 e3+ 69. Kb8 1-0

[Event "IECG WC.2002.F.00008 email"]
[Site "IECG email"]
[Date "2002.12.15"]
[Round "?"]
[White "Newman, Nelson"]
[Black "Bilsel, Sabahaddin"]
[Result "1-0"]
[WhiteElo "1996"]
[BlackElo "1959"]
[PlyCount "55"]
[EventDate "2002.12.15"]
[EventType "tourn (corr)"]
[EventRounds "10"]
[SourceTitle "Corr 2008"]
[Source "ChessBase"]
[SourceDate "2008.06.24"]
[SourceVersion "1"]
[SourceVersionDate "2008.06.24"]
[SourceQuality "1"]

1. c4 Nf6 2. Nf3 c5 3. Nc3 e6 4. e4 Nc6 5. d3 d5 6. cxd5 exd5 7. Bg5 Be7 8. Be2 0-0 9. 0-0 Be6 10. Rc1 d4 11. Na4 Nd7 12. Bxe7 Qxe7 13. b3 b6 14. a3 f5 15. b4 fxe4 16. dxe4 Rac8 17. bxc5 bxc5 18. Nb2 Nde5 19. Nxe5 Nxe5 20. f4 Nd7 21. Qc2 Nb6 22. Ba6 Rc7 23. a4 Re8 24. a5 Nd7 25. e5 g6 26. Nc4 Nb8 27. Bb5 Nc6 28. Nd6 1-0

[Event "IECG WC.2002.F.00008 email"]
[Site "IECG email"]
[Date "2002.12.15"]
[Round "?"]
[White "Newman, Nelson"]
[Black "Hermans, Marcel M"]
[Result "1/2-1/2"]
[WhiteElo "1996"]
[BlackElo "1986"]
[PlyCount "54"]
[EventDate "2002.12.15"]
[EventType "tourn (corr)"]
[EventRounds "10"]
[SourceTitle "Corr 2008"]
[Source "ChessBase"]
[SourceDate "2008.06.24"]
[SourceVersion "1"]
[SourceVersionDate "2008.06.24"]
[SourceQuality "1"]

1. c4 c6 2. e4 d5 3. cxd5 cxd5 4. exd5 Qxd5 5. Nc3 Qd6 6. Nf3 Nf6 7. d4 e6 8. Bc4 Be7 9. 0-0 0-0 10. Re1 Nc6 11. Bg5 Rd8 12. Nb5 Qb4 13. Rc1 Qa5 14. Bf4 Ne8 15. Ne5 a6 16. Nxc6 bxc6 17. Nc3 Qb4 18. b3 Bf6 19. Ne2 c5 20. Bd2 Qa3 21. dxc5 Bg5 22. Rc2 Qxc5 23. Bd3 Qd5 24. Bxg5 Qxg5 25. Qd2 Qxd2 26. Rxd2 Kf8 27. Nc3 Nf6 1/2-1/2

[Event "IECG CB.2002.0.00061 email"]
[Site "IECG email"]
[Date "2002.11.27"]
[Round "?"]
[White "Newman, Nelson"]
[Black "Marino, Maurizio"]
[Result "0-1"]
[WhiteElo "1996"]
[BlackElo "1811"]
[PlyCount "40"]
[EventDate "2002.11.27"]
[EventType "tourn (corr)"]
[EventRounds "6"]
[SourceTitle "Corr 2008"]
[Source "ChessBase"]
[SourceDate "2008.06.24"]
[SourceVersion "1"]
[SourceVersionDate "2008.06.24"]
[SourceQuality "1"]

1. e4 e5 2. f4 exf4 3. Nf3 d6 4. d4 g5 5. h4 g4 6. Ng1 Qf6 7. Nc3 Ne7 8. Nge2 Bh6 9. Qd2 Nbc6 10. Nb5 Kd8 11. e5 Qf5 12. exd6 Nd5 13. dxc7+ Kd7 14. Ng3 Re8+ 15. Kd1 Qf6 16. Qf2 Ne3+ 17. Bxe3 Rxe3 18. Ne2 a6 19. Nbc3 f3 20. gxf3 gxf3 0-1

[Event "LSS RB-2002-0-00017"]
[Site "LSS email"]
[Date "2002.11.27"]
[Round "1"]
[White "Newman, Nelson"]
[Black "Starace, Umberto"]
[Result "1-0"]
[WhiteElo "1996"]
[BlackElo "1908"]
[PlyCount "87"]
[EventDate "2002.11.27"]
[EventType "tourn (corr)"]
[EventRounds "6"]
[EventCountry "GER"]
[SourceTitle "Corr 2024"]
[Source "ChessBase"]
[SourceDate "2023.10.19"]
[SourceVersion "1"]
[SourceVersionDate "2023.10.19"]
[SourceQuality "1"]

1. e4 e5 2. f4 d5 3. exd5 e4 4. d3 Nf6 5. dxe4 Nxe4 6. Nf3 Bc5 7. Qe2 Bf5 8. Nc3 Qe7 9. Be3 Nxc3 10. Bxc5 Nxe2 11. Bxe7 Nxf4 12. Ba3 Nxd5 13. 0-0-0 c6 14. Bc4 Nd7 15. Rhe1+ Be6 16. Ng5 0-0-0 17. Bxd5 Bxd5 18. Rxd5 cxd5 19. Nxf7 Rde8 20. Rd1 Nf6 21. Nxh8 Rxh8 22. Be7 Rg8 23. g3 Ng4 24. h3 Nf2 25. Rxd5 Nxh3 26. Bc5 b6 27. Rh5 bxc5 28. Rxh3 h6 29. Rh5 Kb7 30. Rxc5 Rf8 31. Re5 Rf7 32. Kd2 Kc6 33. c4 Rf2+ 34. Re2 Rf3 35. Re3 Rf2+ 36. Kc3 a5 37. a4 Kc5 38. Re5+ Kb6 39. Rb5+ Ka6 40. c5 Rf3+ 41. Kd4 Rxg3 42. c6 Rg1 43. Rc5 Rd1+ 44. Ke5 1-0

[Event "IECG CB.2002.0.00061 email"]
[Site "IECG email"]
[Date "2002.11.27"]
[Round "?"]
[White "Newman, Nelson"]
[Black "Van Bommel, Ton"]
[Result "1-0"]
[WhiteElo "1996"]
[BlackElo "1850"]
[PlyCount "125"]
[EventDate "2002.11.27"]
[EventType "tourn (corr)"]
[EventRounds "6"]
[SourceTitle "Corr 2024"]
[Source "ChessBase"]
[SourceDate "2023.10.19"]
[SourceVersion "1"]
[SourceVersionDate "2023.10.19"]
[SourceQuality "1"]

1. e4 c5 2. Nf3 Nc6 3. d4 cxd4 4. Nxd4 Nf6 5. Nc3 e5 6. Ndb5 d6 7. Bg5 a6 8. Na3 b5 9. Bxf6 gxf6 10. Nd5 f5 11. c3 Bg7 12. exf5 Bxf5 13. Nc2 0-0 14. Nce3 Bd7 15. Bd3 e4 16. Bxe4 f5 17. Bf3 f4 18. Nc2 Ne5 19. 0-0 Nxf3+ 20. Qxf3 Qg5 21. Nc7 Ra7 22. Qd5+ Qxd5 23. Nxd5 f3 24. Rfe1 fxg2 25. Re7 Rb7 26. Rd1 Bg4 27. Rxb7 Bxd1 28. Nce3 Bf3 29. Rb6 Be5 30. Rxa6 Kg7 31. Rb6 Kh8 32. Ne7 Ra8 33. N7f5 h5 34. Nh4 Be4 35. a3 Rg8 36. Nhxg2 Bd3 37. Kh1 Rf8 38. f4 Bxf4 39. Nxf4 Rxf4 40. Rxd6 Be2 41. Rd2 Bf3+ 42. Kg1 Kg7 43. Rd4 Rf8 44. c4 bxc4 45. Nxc4 Bc6 46. b4 Rg8 47. Kf2 Rf8+ 48. Kg3 Rf3+ 49. Kh4 Bb5 50. Kxh5 Bxc4 51. Rxc4 Rxa3 52. h4 Rb3 53. Rc7+ Kg8 54. Rb7 Rd3 55. b5 Rd5+ 56. Kg6 Rd6+ 57. Kf5 Rd5+ 58. Ke6 Rh5 59. b6 Rb5 60. Rb8+ Kg7 61. Kd7 Rb1 62. Kc7 Rc1+ 63. Kb7 1-0

[Event "IECG QB.2002.0.00028 email"]
[Site "IECG email"]
[Date "2002.11.09"]
[Round "?"]
[White "Kane, Paul"]
[Black "Newman, Nelson"]
[Result "0-1"]
[WhiteElo "1800"]
[BlackElo "1970"]
[PlyCount "66"]
[EventDate "2002.11.19"]
[EventType "tourn (corr)"]
[EventRounds "6"]
[SourceTitle "Corr 2024"]
[Source "ChessBase"]
[SourceDate "2023.10.19"]
[SourceVersion "1"]
[SourceVersionDate "2023.10.19"]
[SourceQuality "1"]

1. e4 e6 2. d4 d5 3. e5 c5 4. c3 Nc6 5. Nf3 Qb6 6. a3 Bd7 7. Be2 Nh6 8. b4 cxd4 9. cxd4 Nf5 10. Bb2 Be7 11. 0-0 0-0 12. Bd3 g6 13. Bxf5 gxf5 14. Nc3 Na5 15. Bc1 Nc4 16. Bg5 Qd8 17. Bh6 Re8 18. Qc1 f6 19. Qf4 Kh8 20. Rfe1 Rg8 21. h3 fxe5 22. Nxe5 Nxe5 23. Qxe5+ Bf6 24. Qe3 Qe8 25. Bf4 Qg6 26. g3 h5 27. Be5 h4 28. Ne2 hxg3 29. fxg3 Rac8 30. Rac1 Bxe5 31. Qxe5+ Qg7 32. Qxg7+ Kxg7 33. Kf2 Rc4 0-1

[Event "IECG QB.2002.0.00028 email"]
[Site "IECG email"]
[Date "2002.11.09"]
[Round "?"]
[White "Newman, Nelson"]
[Black "Kane, Paul"]
[Result "1-0"]
[WhiteElo "1970"]
[BlackElo "1800"]
[PlyCount "41"]
[EventDate "2002.11.19"]
[EventType "tourn (corr)"]
[EventRounds "6"]
[SourceTitle "Corr 2024"]
[Source "ChessBase"]
[SourceDate "2023.10.19"]
[SourceVersion "1"]
[SourceVersionDate "2023.10.19"]
[SourceQuality "1"]

1. d4 Nf6 2. c4 e6 3. Nf3 b6 4. g3 Ba6 5. b3 Bb4+ 6. Bd2 Be7 7. Nc3 d5 8. cxd5 exd5 9. Bg2 0-0 10. 0-0 Re8 11. Qc2 Bb4 12. Rfe1 Nbd7 13. a3 Bd6 14. Nxd5 Nxd5 15. e4 Rc8 16. g4 Nf8 17. Bg5 Ne6 18. Bf6 Qxf6 19. Ng5 Qxg5 20. b4 h6 21. b5 1-0

[Event "IECG QB.2002.0.00028 email"]
[Site "IECG email"]
[Date "2002.11.09"]
[Round "?"]
[White "Newman, Nelson"]
[Black "Satonnet, Patrick"]
[Result "1-0"]
[WhiteElo "1970"]
[BlackElo "1940"]
[PlyCount "45"]
[EventDate "2002.11.19"]
[EventType "tourn (corr)"]
[EventRounds "6"]
[SourceTitle "Corr 2024"]
[Source "ChessBase"]
[SourceDate "2023.10.19"]
[SourceVersion "1"]
[SourceVersionDate "2023.10.19"]
[SourceQuality "1"]

1. c4 Nf6 2. Nf3 g6 3. d4 Bg7 4. Nc3 0-0 5. e4 d6 6. h3 e5 7. d5 c6 8. Bg5 h6 9. Be3 cxd5 10. cxd5 Nbd7 11. Rc1 Ne8 12. Qd2 Kh7 13. g4 Nb6 14. g5 h5 15. Nb5 Bd7 16. Qa5 f5 17. gxf6 Qxf6 18. Ng5+ Kh8 19. h4 Bh6 20. Be2 Rc8 21. Rxc8 Nxc8 22. Nxa7 Nxa7 23. Qxa7 1-0

[Event "IECG CP.2002.P.00016 email"]
[Site "IECG email"]
[Date "2002.10.01"]
[Round "?"]
[White "Boettcher, Fred"]
[Black "Newman, Nelson"]
[Result "1/2-1/2"]
[WhiteElo "1666"]
[BlackElo "1970"]
[PlyCount "65"]
[EventDate "2002.10.01"]
[EventType "tourn (corr)"]
[EventRounds "6"]
[EventCountry "GER"]
[SourceTitle "Corr 2008"]
[Source "ChessBase"]
[SourceDate "2008.06.24"]
[SourceVersion "1"]
[SourceVersionDate "2008.06.24"]
[SourceQuality "1"]

1. e4 e6 2. d4 d5 3. Nc3 Bb4 4. Nge2 dxe4 5. a3 Bxc3+ 6. Nxc3 Nc6 7. d5 exd5 8. Qxd5 Nge7 9. Qxd8+ Nxd8 10. Nxe4 Bf5 11. Bd3 Ne6 12. Bd2 0-0-0 13. 0-0-0 h6 14. Rhe1 Rhe8 15. h3 Bg6 16. g4 Nd5 17. Bc4 Ndf4 18. Bf1 a6 19. Nc5 Nxc5 20. Bxf4 Rxd1+ 21. Rxd1 Nd7 22. Bg2 Nf6 23. Be3 Be4 24. Bxe4 Nxe4 25. b3 Re6 26. Rd3 g5 27. f4 b6 28. f5 Re8 29. Bd4 f6 30. Bb2 b5 31. c4 c6 32. cxb5 cxb5 33. Kc2 1/2-1/2

[Event "IECG CP.2002.P.00016 email"]
[Site "IECG email"]
[Date "2002.10.01"]
[Round "?"]
[White "Newman, Nelson"]
[Black "Van Rijswijk, Oskar"]
[Result "1-0"]
[WhiteElo "1970"]
[BlackElo "858"]
[PlyCount "53"]
[EventDate "2002.10.01"]
[EventType "tourn (corr)"]
[EventRounds "6"]
[EventCountry "GER"]
[SourceTitle "Corr 2008"]
[Source "ChessBase"]
[SourceDate "2008.06.24"]
[SourceVersion "1"]
[SourceVersionDate "2008.06.24"]
[SourceQuality "1"]

1. c4 e5 2. g3 Nf6 3. Bg2 d5 4. cxd5 Nxd5 5. Nc3 Be6 6. Nf3 Nc6 7. 0-0 Be7 8. d4 Nxc3 9. bxc3 e4 10. Nd2 f5 11. Rb1 Rb8 12. Qa4 Qd7 13. f3 e3 14. Nc4 Bxc4 15. Qxc4 b5 16. Rxb5 a6 17. Rxb8+ Nxb8 18. Bxe3 c6 19. Bf4 Bd6 20. Bxd6 Qxd6 21. Rb1 Ke7 22. e4 fxe4 23. fxe4 g6 24. Rb7+ Kf6 25. Qf7+ Kg5 26. h4+ Kg4 27. Qf3# 1-0

[Event "IECG CB.2002.0.00054 email"]
[Site "IECG email"]
[Date "2002.09.03"]
[Round "1"]
[White "Smyth, Peter"]
[Black "Newman, Nelson"]
[Result "1-0"]
[WhiteElo "1975"]
[BlackElo "1962"]
[PlyCount "65"]
[EventDate "2002.09.03"]
[EventType "tourn (corr)"]
[EventRounds "6"]
[SourceTitle "Corr 2024"]
[Source "ChessBase"]
[SourceDate "2023.10.19"]
[SourceVersion "1"]
[SourceVersionDate "2023.10.19"]
[SourceQuality "1"]

1. b3 e5 2. Bb2 Nc6 3. e3 Nf6 4. Bb5 Bd6 5. Ne2 a6 6. Bxc6 dxc6 7. 0-0 0-0 8. d3 Bg4 9. Nbc3 Re8 10. a3 Qe7 11. f3 Bd7 12. e4 Nh5 13. Qd2 Rad8 14. Kh1 Be6 15. a4 Bb4 16. Qc1 h6 17. g4 Nf6 18. g5 hxg5 19. Qxg5 Nd7 20. Qg3 Bd6 21. f4 exf4 22. Nxf4 Qf6 23. Rf2 Be5 24. Rg1 b5 25. Qe3 b4 26. Nh5 Qh4 27. Nxg7 Kh7 28. Nxe8 bxc3 29. Bxc3 Rxe8 30. d4 Bf6 31. Rf4 Qh6 32. Qg3 Be7 33. Bd2 1-0

[Event "IECG CB.2002.0.00054 email"]
[Site "IECG email"]
[Date "2002.09.03"]
[Round "1"]
[White "Ventimiglia, Chuck"]
[Black "Newman, Nelson"]
[Result "1/2-1/2"]
[WhiteElo "1986"]
[BlackElo "1962"]
[PlyCount "57"]
[EventDate "2002.09.03"]
[EventType "tourn (corr)"]
[EventRounds "6"]
[SourceTitle "Corr 2024"]
[Source "ChessBase"]
[SourceDate "2023.10.19"]
[SourceVersion "1"]
[SourceVersionDate "2023.10.19"]
[SourceQuality "1"]

1. e4 e6 2. d4 d5 3. Nd2 c5 4. exd5 exd5 5. Ngf3 Nc6 6. Bb5 Bd6 7. dxc5 Bxc5 8. Nb3 Bd6 9. 0-0 Nge7 10. Re1 0-0 11. Bg5 Bg4 12. c3 Qc7 13. h3 Bh5 14. Be2 a6 15. Nfd4 Bg6 16. Bd3 Rfe8 17. Bxg6 Nxg6 18. Nf5 Bh2+ 19. Kh1 Rxe1+ 20. Qxe1 Bf4 21. Bxf4 Qxf4 22. Nbd4 Nxd4 23. Nxd4 Kf8 24. g3 Qf6 25. Kg2 Re8 26. Qd1 Ne5 27. Qb1 g6 28. Qd1 Nc4 29. b3 1/2-1/2

[Event "IECG QB.2002.0.00024 email"]
[Site "IECG email"]
[Date "2002.09.01"]
[Round "2"]
[White "Koteski, Ljube"]
[Black "Newman, Nelson"]
[Result "1-0"]
[WhiteElo "1950"]
[BlackElo "1962"]
[PlyCount "111"]
[EventDate "2002.09.01"]
[EventType "tourn (corr)"]
[EventRounds "6"]
[SourceTitle "Corr 2024"]
[Source "ChessBase"]
[SourceDate "2023.10.19"]
[SourceVersion "1"]
[SourceVersionDate "2023.10.19"]
[SourceQuality "1"]

1. e4 e6 2. d4 d5 3. Nc3 Bb4 4. e5 c5 5. a3 Ba5 6. b4 cxd4 7. Nb5 Bc7 8. f4 Ne7 9. Nf3 Bd7 10. Nxc7+ Qxc7 11. Bd3 a6 12. 0-0 Bb5 13. Nxd4 Bxd3 14. cxd3 Nbc6 15. Be3 Nxd4 16. Bxd4 Nf5 17. Rc1 Qd8 18. Bc5 b6 19. Bf2 0-0 20. Rc6 Rb8 21. Qc2 d4 22. Rc1 Qd5 23. Qc4 Qxc4 24. R6xc4 h5 25. Kf1 b5 26. Rc7 Ra8 27. R7c5 Rfb8 28. Be1 Rb7 29. Ke2 Rd7 30. g3 f6 31. h3 Kf7 32. Kf3 fxe5 33. Rxe5 Rad8 34. Bf2 g6 35. Rc6 Rd6 36. Rc7+ R8d7 37. Rxd7+ Rxd7 38. Rc5 Ne7 39. Ke4 Nd5 40. Rc6 Nc3+ 41. Kf3 Nb1 42. Rxa6 Nd2+ 43. Ke2 Nb1 44. Ra5 Rd5 45. Be1 g5 46. fxg5 Rxg5 47. a4 Na3 48. g4 hxg4 49. hxg4 Re5+ 50. Kd2 Kg6 51. Bh4 Rd5 52. Ra6 bxa4 53. Rxe6+ Kf7 54. Rf6+ Kg7 55. Ra6 Rd7 56. Rxa4 1-0

[Event "IECC KO email"]
[Site "IECC email"]
[Date "2002.08.28"]
[Round "?"]
[White "Van Gimst, Herman"]
[Black "Newman, Nelson"]
[Result "0-1"]
[WhiteElo "1246"]
[BlackElo "1928"]
[PlyCount "42"]
[EventDate "2002.??.??"]
[EventType "tourn (corr)"]
[EventRounds "6"]
[SourceTitle "Corr 2008"]
[Source "ChessBase"]
[SourceDate "2008.06.24"]
[SourceVersion "1"]
[SourceVersionDate "2008.06.24"]
[SourceQuality "1"]

1. d4 Nf6 2. c4 c5 3. d5 e6 4. Nc3 exd5 5. Nxd5 Nxd5 6. cxd5 d6 7. e4 g6 8. Nf3 Bg7 9. Bc4 0-0 10. 0-0 Nd7 11. Re1 Ne5 12. b3 Nxf3+ 13. Qxf3 Bxa1 14. Bf4 Be5 15. Bxe5 dxe5 16. Qe3 Qd6 17. Qd2 Bd7 18. Re3 b5 19. Be2 a5 20. f4 exf4 21. e5 fxe3 0-1

[Event "IECC CL3-2002.28"]
[Site "IECC email"]
[Date "2002.08.20"]
[Round "?"]
[White "Newman, Nelson"]
[Black "Van der Wijk, Hein"]
[Result "0-1"]
[WhiteElo "1830"]
[BlackElo "1948"]
[PlyCount "28"]
[EventDate "2002.??.??"]
[EventType "tourn (corr)"]
[EventRounds "4"]
[SourceTitle "Corr 2008"]
[Source "ChessBase"]
[SourceDate "2008.06.24"]
[SourceVersion "1"]
[SourceVersionDate "2008.06.24"]
[SourceQuality "1"]

1. c4 Nf6 2. Nc3 e6 3. e4 d5 4. e5 d4 5. exf6 dxc3 6. bxc3 Qxf6 7. d4 e5 8. Nf3 exd4 9. Bg5 Qe6+ 10. Be2 f6 11. Nxd4 Qf7 12. Bf4 Bc5 13. 0-0 0-0 14. Nb5 Na6 0-1

[Event "IECC CL3-2002.28"]
[Site "IECC email"]
[Date "2002.08.20"]
[Round "?"]
[White "Newton, Hobart E"]
[Black "Newman, Nelson"]
[Result "1-0"]
[WhiteElo "1965"]
[BlackElo "1915"]
[PlyCount "47"]
[EventDate "2002.??.??"]
[EventType "tourn (corr)"]
[EventRounds "4"]
[SourceTitle "Corr 2008"]
[Source "ChessBase"]
[SourceDate "2008.06.24"]
[SourceVersion "1"]
[SourceVersionDate "2008.06.24"]
[SourceQuality "1"]

1. e4 e6 2. d4 d5 3. Nd2 c5 4. exd5 Qxd5 5. Ngf3 Nf6 6. Bc4 Qd8 7. Nb3 cxd4 8. Nfxd4 Qc7 9. Qe2 a6 10. Bg5 b5 11. Bd3 Nbd7 12. 0-0 Bd6 13. a4 Bxh2+ 14. Kh1 bxa4 15. Rxa4 Be5 16. f4 h6 17. Bh4 Bxd4 18. Rxd4 0-0 19. Ra1 Bb7 20. Na5 Rfb8 21. Nxb7 Rxb7 22. b3 Nd5 23. Qd2 Nc5 24. Bc4 1-0

[Event "IECG QA.2002.0.00024"]
[Site "IECG email"]
[Date "2002.07.21"]
[Round "2"]
[White "Chapin, Chip"]
[Black "Newman, Nelson"]
[Result "1/2-1/2"]
[WhiteElo "2111"]
[BlackElo "2001"]
[PlyCount "77"]
[EventDate "2002.07.21"]
[EventType "tourn (corr)"]
[EventRounds "6"]
[SourceTitle "Corr 2024"]
[Source "ChessBase"]
[SourceDate "2023.10.19"]
[SourceVersion "1"]
[SourceVersionDate "2023.10.19"]
[SourceQuality "1"]

1. e4 c5 2. g3 Nc6 3. Bg2 e6 4. Ne2 d5 5. exd5 exd5 6. d4 Nf6 7. 0-0 Bg4 8. Re1 Be7 9. dxc5 Bxc5 10. Nf4+ Ne7 11. Qd2 0-0 12. b4 Bd6 13. Bb2 Bxf4 14. Qxf4 Ng6 15. Qd4 Be6 16. Na3 a6 17. Rac1 b5 18. Re2 Re8 19. Rce1 Rc8 20. h4 Qd6 21. Qd2 Bg4 22. Rxe8+ Rxe8 23. Rxe8+ Nxe8 24. Bd4 Qe6 25. Nb1 Nd6 26. Bc5 Nc4 27. Qxd5 Qe1+ 28. Kh2 h5 29. Be4 Be6 30. Qb7 Kh7 31. Bxg6+ Kxg6 32. Qh1 Qxh1+ 33. Kxh1 Bf5 34. Nc3 Bxc2 35. Kg2 Kf5 36. Bd4 g5 37. hxg5 Kxg5 38. f3 h4 39. gxh4+ 1/2-1/2

[Event "IECG CA.2002.0.00059 email"]
[Site "IECG email"]
[Date "2002.07.08"]
[Round "1"]
[White "Ross, Steven"]
[Black "Newman, Nelson"]
[Result "0-1"]
[WhiteElo "2050"]
[BlackElo "2001"]
[PlyCount "84"]
[EventDate "2002.07.08"]
[EventType "tourn (corr)"]
[EventRounds "5"]
[SourceTitle "Corr 2024"]
[Source "ChessBase"]
[SourceDate "2023.10.19"]
[SourceVersion "1"]
[SourceVersionDate "2023.10.19"]
[SourceQuality "1"]

1. f4 d5 2. Nf3 Nf6 3. e3 g6 4. d4 Bg7 5. Bd3 0-0 6. 0-0 Bf5 7. Bxf5 gxf5 8. Ne5 Nbd7 9. Nd2 e6 10. Ndf3 Ne4 11. b3 Nxe5 12. dxe5 c5 13. Bb2 Qa5 14. Qe2 Rad8 15. a4 a6 16. Rad1 b5 17. axb5 axb5 18. Ra1 Qb6 19. Ra2 Ra8 20. Rfa1 Qb7 21. Nd2 Rxa2 22. Rxa2 Ra8 23. Rxa8+ Qxa8 24. Nxe4 fxe4 25. g4 Qa2 26. Bc3 b4 27. Be1 Bf8 28. Qd1 c4 29. bxc4 Qxc4 30. h4 Bc5 31. Kf2 d4 32. exd4 Bxd4+ 33. Kg3 Kg7 34. g5 Bc5 35. Qd2 e3 36. Qg2 e2 37. h5 Qxc2 38. Qa8 Qd3+ 39. Kh4 h6 40. gxh6+ Kh7 41. Qb7 Kxh6 42. Qxf7 Qf5 0-1